United States code service:commerce and trade 1701-2800 title 15 USCS (Record no. 619630)

MARC details
000 -LEADER
fixed length control field 00450nam a22001697a 4500
008 - FIXED-LENGTH DATA ELEMENTS--GENERAL INFORMATION
fixed length control field 260417b |||||||| |||| 00| 0 eng d
020 ## - INTERNATIONAL STANDARD BOOK NUMBER
Paper back/Hardbound hbk
082 ## - DEWEY DECIMAL CLASSIFICATION NUMBER
Classification number 348.7323 UNI. 15
245 ## - TITLE STATEMENT
Title United States code service:commerce and trade 1701-2800 title 15 USCS
250 ## - EDITION STATEMENT
Edition statement Lawyers
260 ## - PUBLICATION, DISTRIBUTION, ETC. (IMPRINT)
Place of publication New York:
Name of publisher Lawyers,
Year of publication 1996.
300 ## - PHYSICAL DESCRIPTION
Number of Pages xxix,565p.
Dimensions 24cm.
650 ## - SUBJECT ADDED ENTRY--TOPICAL TERM
Topical Term commerce
Topical Term trade
942 ## - ADDED ENTRY ELEMENTS (KOHA)
Koha item type English Books
Holdings
Withdrawn status Lost status Damaged status Not for loan Home library Current library Shelving location Date acquired Full call number Accession Number Price effective from Koha item type
        Anna Centenary Library Anna Centenary Library 4TH FLOOR, A WING 17.04.2026 348.7323 UNI. 15 478921 17.04.2026 English Books

Find us on the map